000 00646nam a2200241 i 4500
001 C2-0270812
003 PPAK
005 20180728001055.0
008 060809s2001 cc |||| ||||| | zxx d
020 _a7560022731
040 _aPPAK
_beng
_cPPAK
_erda
082 0 4 _a823
_223
090 0 0 _a823
_bAKI
_dK
100 1 _aAkinyemi, Rowena,
_eauthor
245 1 4 _aThe witches of pendle
264 1 _aBeijing :
_bWai Yu Jiao ,
_c2001
300 _a54 pages ;
_c20 cm
336 _2rdacontent
_atext
337 _2rdamedia
_aunmediated
338 _2rdacarrier
_avolume
650 1 0 _aEnglish fiction - Translations into Chinese.
942 _ddc
_cB
999 _c79289
_d79289